Представление документа в формате RUSMARC

ПолеНазваниеЗначение
  Тип записи a
  Библиографический уровень m
001 Контрольный номер RSL-KNO-003357277
005 Дата корректировки 20180512104016.2
010 Индекс ISBN __
a ISBN 978-5-91180-412-1 (В пер.)
d Цена 98-00
021 № государственной регистрации __
b № документа 2007-81663
b № документа 4400
100 Данные общей обработки __
a Данные общей обработки 19071128d2008 |||y0rusy0189 ca
101 Язык документа __
a Язык текста rus
102 Страна публикации __
a Страна публикации RU
102 Страна публикации __
a Страна публикации RU
105 Кодированные данные (монография) __
a Кодированные данные (монография) a zzzz|||zy
200 Заглавие и сведения об ответственности __
a Заглавие Человек суверенный
e Сведения, относящиеся к заглавию психолог. исследование субъекта в его бытии
f Первые сведения об ответственности С. К. Нартова-Бочавер
210 Выходные данные __
a Место издания Москва [и др.]
c Издательство Питер
d Дата издания 2008
215 Физическое описание __
a Объем 400 с.
c Иллюстрации/тип воспроизводства ил., табл.
225 Серия (Журнальная рубрика) __
a Серия (Журнальная рубрика) Серия "Учебное пособие"
320 Библиография __
a Библиография Библиогр.: с. 328-352
320 Библиография __
a Библиография Прилож.: с. 353-400
330 Аннотация __
a Аннотация В предлагаемой книге впервые в отечественной психологии систематически исследуется феноменология и становление психологической суверенности личности как одной из форм человеческой свободы. Обосновывается принципиально новый методологический взгляд на понимание бытия человека - предлагаемый автором субъектно-средовой подход, ключевым конструктом которого является "Психологическое пространство личности". Рассматриваются разные онтологические языки самовыражения, соответствующие измерениям психологического пространства: язык тела, территории, вещей, социальных привязанностей, временных привычек, вкусов и ценностей. Анализируется внутрисемейное взаимодействие с точки зрения сохранения личной суверенности, границ и оптимальной психологической дистанции по отношению к близким. Дается новая психологическая интерпретация явлениям доверия и толерантности. Книга содержит богатый опыт исследований и многолетней клинической практики автора, изложенный живым эмоциональным языком и полезный психологам, психотерапевтам, социальным педагогам, политологам, социологам.
606 Тематические рубрики __
a Основная рубрика Психология
606 Тематические рубрики __
a Основная рубрика Социальная психология
610 Ключевые слова __
a Ключевые слова диалектика
a Ключевые слова психология суверенности
a Ключевые слова теория приватности
a Ключевые слова теория Э. Эриксона
a Ключевые слова учение К. Левина
a Ключевые слова учение У. Джемса
a Ключевые слова учение Ф. Перлза
a Ключевые слова эмпирика
686 Индексы других классификаций __
2 Код системы rubbk
a Индекс ББК 88.52
700 Автор _1
a Фамилия Нартова-Бочавер
b Имя С. К.
g Полное личное имя Софья Кимовна
801 Источник записи _0
a Страна RU
b Организация РКП
c Дата составления 20071128
801 Источник записи _1
a Страна RU
b Организация РГБ
c Дата составления 20071128
801 Источник записи _2
a Страна RU
b Организация NLR
c Дата составления 20071128
801 Источник записи _2
a Страна RU
b Организация Центральная районная библиотека им. Г. А. Пирожникова
c Дата составления 20071128
852 Данные о местонахождении __
j Шифр хранения 88.52
i Авторский знак Н 30
b Сигла хранения ООЧ; 8; 12; 14; 16; 18; 22; 24; 26; 29
901 Тип документа __
t Тип документа m
902 Роль лиц __
a Создатель БЗ ОКиО/Трояновская
905 Дата создания БЗ __
a Дата создания БЗ 2011.10.26
990 Данные о заказе (DOS) __
j Количество экземпляров (DOS) 10
h N записи в КСУ для Б/У (DOS) 2012-1